000 00913nas a2200265 454500
001 39547
005 20260407193510.0
008 260407s2000####ag###########|||spa#d
003 AR-UNSa-BCEJYS
040 _aAR-UNSa-BCEJYS
_bspa
_cAR-UNSa-BCEJYS
080 _a378
_xEnseñanza superior. Universidades. Escuelas especiales
245 1 0 _aPropuestas para la sociedad, el gobierno y la producción
264 1 _aBuenos Aires :
_bUniversidad Nacional de La Matanza
_c2000
310 _aFrecuencia: Irregular
041 _aspa
942 _cSER
590 _aniveau_biblio:s niveau_hierar:1
100 1 _aUniversidad Nacional de la Matanza
700 1 _aMartínez, Daniel Eduardo
650 _aPolítica económica
650 _aÉtica
650 _aCrecimiento económico
650 _aEDUCACION SUPERIOR
856 4 1 _uhttps://biblioeco.unsa.edu.ar/pmb/images/revistas/R01908.jpg
_yImagen de portada
_qimage/jpeg
999 _c8844
_d8844